Statistics for Scrabble Generator Puzzle #6

Click here to take the quiz!

General Stats

  • This quiz has been taken 454 times
    (450 since last reset)
  • The average score is 14 of 24

Answer Stats

Answer% Correct
High cardAce
94%
ProceedGo
94%
AlternativelyOr
88%
Pleasant, kindNice
84%
1001 in Rome?MI
83%
US StateMaine
81%
ThreesomeTrio
79%
Small fruitFig
77%
DisregardIgnore
74%
The silver screenCinema
73%
Hospital cartGurney
69%
Giant beastOgre
69%
Leaves outOmits
60%
BINGOMACHINE
58%
Conceit, vanityEgo
55%
Villain, rascalRogue
44%
12th Greek letterMu
44%
BINGOFOREIGN
42%
BINGOYOUNGER
36%
Beau, wooerSuitor
33%
Mystical symbolRune
31%
Fake, fabricateForge
30%
Corcovado localeRio
19%
BINGOTOURISM
6%

Score Distribution

Percentile by Number Answered

Percent of People with Each Score

Your Score History

You have not taken this quiz since the last reset